[Event "Alexandria op 22nd"]
[Site "Alexandria"]
[Date "2017.08.09"]
[Round "9"]
[White "Atea, Khaled"]
[Black "Hussein, Amer"]
[Result "1/2-1/2"]
[WhiteElo "2174"]
[BlackElo "2236"]
[PlyCount "58"]
[EventDate "2017.08.02"]
[EventType "swiss"]
[EventRounds "10"]
[EventCountry "EGY"]
[SourceTitle "CBM 180 Extra"]
[Source "ChessBase"]
[SourceDate "2017.10.06"]
[SourceVersion "1"]
[SourceVersionDate "2017.10.06"]
[SourceQuality "1"]

1. d4 Nf6 2. c4 c5 3. d5 e5 4. Nc3 d6 5. e4 Be7 6. f3 Nbd7 7. Be3 0-0 8. Bd3 Ne8 9. Qd2 a6 10. Nge2 Rb8 11. a4 g6 12. g4 Ng7 13. Ng3 Nf6 14. 0-0 Kh8 15. h3 Ng8 16. Kg2 Bh4 17. f4 exf4 18. Bxf4 Bf6 19. g5 Be5 20. Bxe5 dxe5 21. Qe3 b6 22. Rf2 Qd7 23. Rh1 Qd6 24. Rhf1 Qd7 25. Rh1 Qd6 26. Kh2 Rb7 27. Be2 f5 28. exf5 Nxf5 29. Rhf1 Rbf7 1/2-1/2

[Event "EGY-chT"]
[Site "Egypt"]
[Date "2016.05.10"]
[Round "6.1"]
[White "Hussein, Amer"]
[Black "Sameeh, Hany"]
[Result "1/2-1/2"]
[WhiteElo "2217"]
[BlackElo "2180"]
[PlyCount "111"]
[EventDate "2016.05.05"]
[EventType "team-tourn"]
[EventRounds "9"]
[EventCountry "EGY"]
[SourceTitle "CBM 172 Extra"]
[Source "ChessBase"]
[SourceDate "2016.06.21"]
[SourceVersion "1"]
[SourceVersionDate "2016.06.21"]
[SourceQuality "1"]
[WhiteTeam "El Rwad"]
[BlackTeam "Mokawlon Aswan"]
[WhiteTeamCountry "EGY"]
[BlackTeamCountry "EGY"]

1. e4 c5 2. Nf3 d6 3. Bb5+ Bd7 4. Bxd7+ Qxd7 5. 0-0 Nc6 6. c3 Nf6 7. d4 Nxe4 8. d5 Ne5 9. Re1 Nxf3+ 10. Qxf3 Nf6 11. h3 e5 12. c4 Be7 13. Nc3 0-0 14. Qd3 Nh5 15. g4 Nf6 16. f4 exf4 17. Bxf4 Ne8 18. Re2 Nc7 19. Rf1 Rae8 20. Ne4 f5 21. gxf5 Rxf5 22. Rg2 Ref8 23. Qg3 Ne8 24. Rff2 R8f7 25. Bg5 Rxf2 26. Rxf2 Rxf2 27. Qxf2 h6 28. Bxe7 Qxe7 29. Qf4 Qf7 30. Qg3 Qe7 31. Qf4 b6 32. Kg2 Qf8 33. Qg3 Kf7 34. Qg4 Qe7 35. Qf4+ Kg8 36. b3 Qf8 37. Qg3 Kf7 38. Qg4 Ke7 39. Qc8 Qf4 40. Qe6+ Kd8 41. Nf2 Qf6 42. Qg4 Qb2 43. Qh4+ Nf6 44. Qf4 Ke7 45. Qe3+ Qe5 46. Qxe5+ dxe5 47. Kf3 Kd6 48. Ne4+ Ke7 49. Ng3 Ne8 50. Ke4 Kf6 51. Nh5+ Kg5 52. Ng3 Kf6 53. Nh5+ Kg6 54. Ng3 Kf6 55. Nh5+ Kg6 56. Ng3 1/2-1/2

[Event "EGY-chT"]
[Site "Egypt"]
[Date "2016.05.08"]
[Round "4.1"]
[White "Amin, Bassem"]
[Black "Hussein, Amer"]
[Result "1-0"]
[WhiteElo "2648"]
[BlackElo "2217"]
[PlyCount "119"]
[EventDate "2016.05.05"]
[EventType "team-tourn"]
[EventRounds "9"]
[EventCountry "EGY"]
[SourceTitle "CBM 172 Extra"]
[Source "ChessBase"]
[SourceDate "2016.06.21"]
[SourceVersion "1"]
[SourceVersionDate "2016.06.21"]
[SourceQuality "1"]
[WhiteTeam "Sharkia Dokhan"]
[BlackTeam "El Rwad"]
[WhiteTeamCountry "EGY"]
[BlackTeamCountry "EGY"]

1. e4 c5 2. Nf3 e6 3. d3 Nc6 4. g3 Be7 5. Bg2 d6 6. c3 Nf6 7. Nbd2 0-0 8. 0-0 Qc7 9. Re1 a6 10. d4 cxd4 11. cxd4 Nb4 12. Re3 a5 13. Rc3 Qd8 14. a3 Na6 15. b3 Bd7 16. Bb2 Bc6 17. Qe2 d5 18. e5 Ne4 19. Rc2 Qb6 20. Nxe4 dxe4 21. Nd2 Nc7 22. Bxe4 Bxe4 23. Qxe4 Nd5 24. h4 Rfc8 25. Rac1 Qd8 26. Qd3 Qf8 27. Rc4 Rcb8 28. a4 Qe8 29. Ne4 Qd8 30. Ra1 h6 31. Ba3 Bxa3 32. Rxa3 Qe7 33. Ra1 Rd8 34. Rac1 b6 35. Nd6 f5 36. Nb5 Rf8 37. Qb1 Rad8 38. Rc6 Qf7 39. Rd6 f4 40. Rxd8 Rxd8 41. Qd3 Qh5 42. Qd1 Qg6 43. Qf3 Rf8 44. g4 Qf7 45. Nd6 Qe7 46. h5 Qg5 47. Kg2 g6 48. Ne4 Qe7 49. hxg6 Qg7 50. Rc6 Qxg6 51. Nf6+ Nxf6 52. Rxe6 Qg5 53. exf6 h5 54. Re5 Qxg4+ 55. Qxg4+ hxg4 56. Rg5+ Kh7 57. Rxg4 Rxf6 58. Kf3 Rd6 59. Rxf4 Rc6 60. Ke4 1-0

[Event "EGY-chT"]
[Site "Egypt"]
[Date "2016.05.07"]
[Round "3.1"]
[White "Fadi, Marko"]
[Black "Hussein, Amer"]
[Result "1/2-1/2"]
[WhiteElo "2296"]
[BlackElo "2217"]
[PlyCount "94"]
[EventDate "2016.05.05"]
[EventType "team-tourn"]
[EventRounds "9"]
[EventCountry "EGY"]
[SourceTitle "CBM 172 Extra"]
[Source "ChessBase"]
[SourceDate "2016.06.21"]
[SourceVersion "1"]
[SourceVersionDate "2016.06.21"]
[SourceQuality "1"]
[WhiteTeam "Abo Simbel"]
[BlackTeam "El Rwad"]
[WhiteTeamCountry "EGY"]
[BlackTeamCountry "EGY"]

1. e4 c5 2. Nc3 Nc6 3. Bb5 g6 4. Bxc6 dxc6 5. d3 Bg7 6. f4 Nf6 7. Nf3 b6 8. 0-0 0-0 9. Qe1 Re8 10. Qh4 Nd7 11. f5 Nf8 12. fxg6 hxg6 13. e5 Be6 14. Bh6 f6 15. Ne4 Bf5 16. Rae1 Nh7 17. Ng3 Be6 18. Qe4 Nf8 19. Bxg7 Kxg7 20. Qxc6 Bd5 21. Qa4 Qd7 22. Qf4 Nh7 23. Re2 Rad8 24. Rfe1 Bxf3 25. Qxf3 f5 26. Qf4 e6 27. Nf1 Qe7 28. Nd2 Rd4 29. Qf2 Ng5 30. Nf3 Rg4 31. Nxg5 Qxg5 32. h3 Rh4 33. Re3 Reh8 34. Kf1 Qd8 35. Qf3 Qc7 36. c3 g5 37. Ke2 Rd8 38. Kd2 Qd7 39. Kc2 b5 40. g4 f4 41. Re4 Qd5 42. b3 c4 43. d4 b4 44. cxb4 Rc8 45. Kb1 cxb3 46. Qxb3 Qxb3+ 47. axb3 Rxh3 1/2-1/2

[Event "EGY-chT"]
[Site "Egypt"]
[Date "2016.05.05"]
[Round "1.2"]
[White "Hussein, Amer"]
[Black "Gaber, Waleid"]
[Result "1/2-1/2"]
[WhiteElo "2217"]
[BlackElo "2164"]
[PlyCount "80"]
[EventDate "2016.05.05"]
[EventType "team-tourn"]
[EventRounds "9"]
[EventCountry "EGY"]
[SourceTitle "CBM 172 Extra"]
[Source "ChessBase"]
[SourceDate "2016.06.21"]
[SourceVersion "1"]
[SourceVersionDate "2016.06.21"]
[SourceQuality "1"]
[WhiteTeam "El Rwad"]
[BlackTeam "Kanal Suez"]
[WhiteTeamCountry "EGY"]
[BlackTeamCountry "EGY"]

1. e4 c5 2. Nf3 d6 3. d4 cxd4 4. Nxd4 Nf6 5. Nc3 a6 6. Be3 e6 7. Bd3 Be7 8. 0-0 0-0 9. f4 Qc7 10. Qf3 Nc6 11. Nxc6 bxc6 12. Kh1 Rd8 13. Rad1 e5 14. Bc4 a5 15. fxe5 dxe5 16. Qg3 Ba6 17. Bh6 g6 18. Bxa6 Rxa6 19. Rf5 Ne8 20. Rdf1 f6 21. h4 Ng7 22. Bxg7 Kxg7 23. R5f3 Rb6 24. Qf2 Rf8 25. b3 Rb4 26. Rd1 Rd8 27. Rxd8 Qxd8 28. Rd3 Rd4 29. Qe2 f5 30. exf5 Rxh4+ 31. Rh3 Rxh3+ 32. gxh3 Qd4 33. f6+ Bxf6 34. Nd1 Be7 35. c3 Qd7 36. Kg2 Qf5 37. Qc4 Qd7 38. Qe2 Qf5 39. Qc4 Qd7 40. Qe2 Qf5 1/2-1/2

[Event "Cairo Egyptian op"]
[Site "Cairo"]
[Date "2015.11.24"]
[Round "11"]
[White "Hussein, Amer"]
[Black "Eldesoky, Hatem"]
[Result "1-0"]
[WhiteElo "2210"]
[BlackElo "2269"]
[PlyCount "80"]
[EventDate "2015.11.15"]
[EventType "swiss"]
[EventRounds "11"]
[EventCountry "EGY"]
[SourceTitle "EXT 2017"]
[Source "ChessBase"]
[SourceDate "2016.10.25"]
[SourceVersion "1"]
[SourceVersionDate "2016.10.25"]
[SourceQuality "1"]

1. e4 c6 2. b3 d5 3. Bb2 dxe4 4. Nc3 Nf6 5. Nge2 Bf5 6. Ng3 e6 7. Qe2 Qd4 8. 0-0-0 Bg6 9. Ncxe4 Ba3 10. c3 Bxb2+ 11. Kxb2 Qd8 12. d4 a5 13. a4 0-0 14. h4 h6 15. f3 Nbd7 16. Qf2 b5 17. axb5 a4 18. b4 a3+ 19. Ka1 Qb6 20. bxc6 Qxc6 21. Nc5 e5 22. Bd3 exd4 23. Bxg6 Nxc5 24. bxc5 fxg6 25. Qxd4 Rac8 26. h5 Qc7 27. Ne4 Nxh5 28. Qc4+ Kh8 29. Rd6 Rb8 30. Qd4 Qa7 31. Rxg6 Kh7 32. Rb6 Rxb6 33. cxb6 Qa5 34. Qb4 Qxb4 35. cxb4 Nf4 36. b7 Rb8 37. Nd6 Nxg2 38. Rc1 h5 39. Rc8 Rxb7 40. Nxb7 h4 1-0

[Event "Cairo Egyptian op"]
[Site "Cairo"]
[Date "2015.11.21"]
[Round "8"]
[White "Abdel Razik, Khaled"]
[Black "Hussein, Amer"]
[Result "1-0"]
[WhiteElo "2418"]
[BlackElo "2210"]
[PlyCount "57"]
[EventDate "2015.11.15"]
[EventType "swiss"]
[EventRounds "11"]
[EventCountry "EGY"]
[SourceTitle "CBM 170 Extra"]
[Source "ChessBase"]
[SourceDate "2016.02.25"]
[SourceVersion "1"]
[SourceVersionDate "2016.02.25"]
[SourceQuality "1"]

1. d4 Nf6 2. c4 c5 3. d5 e5 4. Nc3 d6 5. e4 Be7 6. Be2 0-0 7. g4 Ne8 8. Nh3 a6 9. a3 Nd7 10. b4 b5 11. cxb5 axb5 12. Be3 cxb4 13. axb4 Rxa1 14. Qxa1 Ndf6 15. f3 Bd7 16. Nxb5 Nc7 17. Nc3 Qb8 18. Kd2 Qb7 19. Qa7 Rb8 20. Qxb7 Rxb7 21. b5 h5 22. Nf2 hxg4 23. fxg4 Nxb5 24. Rb1 Nxc3 25. Rxb7 Ncxe4+ 26. Nxe4 Nxe4+ 27. Kc1 Nf6 28. Bg5 Nxd5 29. Bxe7 1-0